[Event "World Rapid 2017"]
[Site "Riyadh KSA"]
[Date "2017.12.26"]
[Round "3.58"]
[White "Saeed, Ishaq"]
[Black "Masrahi, Abdulrahman A"]
[Result "1-0"]
[WhiteTitle "FM"]
[BlackTitle "CM"]
[WhiteElo "2434"]
[BlackElo "1962"]
[WhiteFideId "9301453"]
[BlackFideId "21501564"]
[EventDate "2017.12.26"]

1. d4 d5 2. c4 c6 3. e3 Nf6 4. Nc3 a6 5. Nf3 b5 6. b3 Bg4 7. h3 Bxf3 8. Qxf3 e6
9. Bd2 Be7 10. Bd3 O-O 11. O-O Nbd7 12. Rad1 b4 13. Ne2 c5 14. cxd5 exd5 15. Nf4
cxd4 16. exd4 Ne4 17. Nxd5 Nxd2 18. Rxd2 Bd6 19. Qf5 g6 20. Qxd7 1-0

[Event "World Rapid 2017"]
[Site "Riyadh KSA"]
[Date "2017.12.26"]
[Round "3.59"]
[White "Minko, Vladimir"]
[Black "Salama, Taher"]
[Result "1-0"]
[WhiteTitle "IM"]
[WhiteElo "2381"]
[BlackElo "1769"]
[WhiteFideId "24146706"]
[BlackFideId "11502231"]
[EventDate "2017.12.26"]

1. d4 Nf6 2. c4 e6 3. Nf3 d5 4. g3 Be7 5. Bg2 O-O 6. O-O Nbd7 7. Qc2 Ne4 8. Nc3
Nxc3 9. Qxc3 a6 10. Rd1 dxc4 11. Qxc4 Nf6 12. Qc2 c6 13. e4 Bd7 14. Ng5 h6 15.
Nf3 Rc8 16. e5 Nd5 17. Qe4 Be8 18. Qg4 Kh8 19. Qh3 Kg8 20. Re1 Qd7 21. Re4 f5
22. exf6 Rxf6 23. Rg4 Kh8 24. Bg5 Bf7 25. Ne5 Qe8 26. Bxf6 Bxf6 27. Nxf7+ Qxf7
28. Re1 Rf8 29. Re2 Ne7 30. Be4 Bxd4 31. Rf4 Bf6 32. Bc2 e5 33. Rxe5 Ng6 34. Qf5
Bxe5 35. Qxf7 Rxf7 36. Rxf7 Nf8 1-0

[Event "World Rapid 2017"]
[Site "Riyadh KSA"]
[Date "2017.12.26"]
[Round "3.60"]
[White "Miswadah, Baha"]
[Black "Lam, Daniel King-wai"]
[Result "0-1"]
[BlackTitle "FM"]
[WhiteElo "1877"]
[BlackElo "2222"]
[WhiteFideId "11502118"]
[BlackFideId "6001238"]
[EventDate "2017.12.26"]

1. e4 c5 2. Nf3 d6 3. d4 cxd4 4. Nxd4 Nf6 5. Nc3 a6 6. Bg5 Nbd7 7. Bc4 Qb6 8.
Bb3 e6 9. Qd2 Be7 10. Be3 Qa5 11. f3 Nc5 12. O-O Qc7 13. Rad1 O-O 14. Nde2 b5
15. Ng3 Bb7 16. Kh1 Rac8 17. Nce2 Nxb3 18. cxb3 Qc2 19. Nd4 Qxd2 20. Rxd2 Rc7
21. Rdd1 Rfc8 22. Rc1 g6 23. Rxc7 Rxc7 24. Rc1 Rxc1+ 25. Bxc1 e5 26. Nde2 d5 27.
exd5 Nxd5 28. Nc3 Nb4 29. a4 Nd3 30. Be3 f5 31. Bg1 b4 32. Nb1 Nxb2 33. Nd2 Bd5
34. Ngf1 Kf7 35. g3 Ke6 36. Kg2 Nd1 37. Ne3 Nxe3+ 38. Bxe3 g5 39. Kf2 h5 40. f4
exf4 41. gxf4 g4 42. Bd4 h4 43. Kg1 Kd6 44. Kf2 Kc6 45. Be3 Bc5 46. Bxc5 Kxc5
47. Ke3 g3 48. hxg3 hxg3 49. Nf3 Bxf3 50. Kxf3 Kd4 51. Kxg3 Ke3 52. Kg2 Kxf4 53.
Kf2 a5 54. Ke2 Ke4 0-1

[Event "World Rapid 2017"]
[Site "Riyadh KSA"]
[Date "2017.12.26"]
[Round "3.61"]
[White "Amer, Said Salim Al Maashani"]
[Black "Al Abdali, Zeyad Saleh"]
[Result "1-0"]
[WhiteTitle "FM"]
[WhiteElo "2103"]
[BlackElo "1801"]
[WhiteFideId "22000100"]
[BlackFideId "21501505"]
[EventDate "2017.12.26"]

1. e4 d6 2. d4 Nf6 3. Nc3 c6 4. f4 Nbd7 5. e5 Nd5 6. Nxd5 cxd5 7. Nf3 e6 8. Bd3
Be7 9. O-O f5 10. exf6 Bxf6 11. Qe2 Qe7 12. c3 Nb6 13. Ng5 Bd7 14. a4 O-O-O 15.
a5 Na8 16. b4 h6 17. Nf3 g5 18. b5 Rdf8 19. b6 axb6 20. a6 Bc6 21. axb7+ Bxb7
22. Ra7 Kb8 23. Qa2 gxf4 24. Bxf4 Nc7 25. Ra1 e5 26. Rxb7+ Kxb7 27. Qa7+ Kc8 28.
Bf5+ Qd7 29. Bxd7+ Kxd7 30. dxe5 Ra8 31. exf6 Rxa7 32. Rxa7 Rf8 33. Bxh6 Rxf6
34. Be3 Rg6 35. Bxb6 Kc6 36. Bxc7 Rg7 37. Nd4+ Kc5 38. Ne6+ 1-0

[Event "World Rapid 2017"]
[Site "Riyadh KSA"]
[Date "2017.12.26"]
[Round "3.62"]
[White "Alem, Ali Hussien"]
[Black "Al-Hajiri, Bader"]
[Result "0-1"]
[BlackTitle "FM"]
[WhiteElo "1745"]
[BlackElo "2165"]
[WhiteFideId "21500088"]
[BlackFideId "10300163"]
[EventDate "2017.12.26"]

1. e4 e5 2. Nf3 f5 3. d3 Nf6 4. Be2 d6 5. O-O fxe4 6. dxe4 Nxe4 7. Bd3 Nf6 8.
Bg5 Be7 9. Nbd2 O-O 10. c3 Be6 11. Re1 Nbd7 12. Qa4 Nc5 13. Qc2 Nxd3 14. Qxd3
Qd7 15. Rad1 Nd5 16. a3 Nf4 17. Bxf4 Rxf4 18. Ne4 Qc6 19. Neg5 Bf5 20. Qe3 Bg4
21. Nd4 Qd7 22. Ngf3 Raf8 23. Nxe5 dxe5 24. Qxe5 Bxd1 25. Ne6 Bd6 26. Nxf8 Kxf8
27. Rxd1 Bxe5 28. Rxd7 Bd6 29. Rd8+ Ke7 30. Rg8 Kf7 31. Rb8 Bc5 32. Rxb7 Bxf2+
33. Kh1 Bb6 34. g3 Rf2 35. a4 g5 36. a5 Bxa5 37. Rxa7 Bb6 38. Ra8 g4 39. Ra1
Rxb2 40. Rf1+ Kg6 41. h4 gxh3 42. Rf3 Kg5 43. Rd3 Kg4 44. c4 Bf2 45. c5 Bxg3 46.
Rd1 c6 47. Rd4+ Bf4 48. Rd1 Rc2 49. Rg1+ Bg3 50. Ra1 Re2 51. Ra4+ Bf4 52. Ra1
Kh4 53. Rf1 Bg3 54. Rd1 Re1+ 55. Rxe1 Bxe1 0-1

[Event "World Rapid 2017"]
[Site "Riyadh KSA"]
[Date "2017.12.26"]
[Round "3.63"]
[White "Al Ghamdi, Ahmed M"]
[Black "Al Juhani, Bakr"]
[Result "1-0"]
[WhiteTitle "CM"]
[WhiteElo "2159"]
[BlackElo "1854"]
[WhiteFideId "21500150"]
[BlackFideId "21500185"]
[EventDate "2017.12.26"]

1. e4 c5 2. Nf3 g6 3. c4 d6 4. d4 cxd4 5. Nxd4 Nf6 6. Nc3 Nc6 7. Be2 Bg7 8. Be3
O-O 9. O-O Ne5 10. f3 b6 11. Qd2 Bb7 12. Rac1 Ned7 13. Rfd1 a5 14. Qe1 Rc8 15.
Qf2 Nc5 16. e5 Ne8 17. exd6 Nxd6 18. Ndb5 Qd7 19. Nxd6 exd6 20. Bf4 d5 21. cxd5
Qf5 22. Bg3 Rfd8 23. Bh4 g5 24. Bg3 Bf8 25. Kh1 h5 26. h4 gxh4 27. Bxh4 Rd6 28.
Ne4 Bxd5 29. Qg3+ Rg6 30. Rxd5 Nxe4 31. Qxg6+ Qxg6 32. Rxc8 Nc5 33. Rg5 Kg7 34.
Rxg6+ fxg6 35. Rc7+ Kh6 36. f4 1-0

[Event "World Rapid 2017"]
[Site "Riyadh KSA"]
[Date "2017.12.26"]
[Round "3.64"]
[White "Alanazy, Mohammed"]
[Black "Al Zamel, Khaled"]
[Result "1-0"]
[WhiteElo "1850"]
[BlackElo "1942"]
[WhiteFideId "21508488"]
[BlackFideId "21500967"]
[EventDate "2017.12.26"]

1. e4 d6 2. f4 c6 3. Nf3 Qc7 4. d4 Bg4 5. h3 Bh5 6. Bd3 f6 7. Be3 Nd7 8. Nc3 e6
9. Qe2 Ne7 10. O-O-O Bf7 11. g4 O-O-O 12. d5 exd5 13. Bxa7 dxe4 14. Qxe4 Nd5 15.
Nxd5 Bxd5 16. Qe3 c5 17. Bf5 Qc6 18. Rhf1 g6 19. Bxd7+ Rxd7 20. Qe8+ Rd8 21.
Qxc6+ Bxc6 22. Bb6 Re8 23. g5 f5 24. Ng1 Be4 25. Ne2 Bxc2 26. Rd2 Be4 27. Nc3 d5
28. Nxd5 Re6 29. Ba5 Bg7 30. Rfd1 Bd4 31. Nb6+ Kb8 32. Rxd4 cxd4 33. Rxd4 Rc6+
34. Kd1 Ka7 35. Nc4 Rhc8 36. b3 b5 37. Ne5 Rc1+ 38. Kd2 R8c2+ 39. Ke3 Rxa2 40.
Bb4 Rh1 41. Rd7+ Kb6 42. Rxh7 Rhh2 43. Nxg6 Rhe2+ 44. Kd4 Bc6 45. Ne5 Re4+ 46.
Kc3 Re3+ 47. Nd3 Be4 48. Bc5+ Kc6 49. Bxe3 b4+ 50. Nxb4+ Kb5 51. Nxa2 1-0

[Event "World Rapid 2017"]
[Site "Riyadh KSA"]
[Date "2017.12.26"]
[Round "3.65"]
[White "Al Bargi, Hassan M"]
[Black "Al Jabri, Mohammed Ali"]
[Result "0-1"]
[WhiteElo "1579"]
[BlackElo "2154"]
[WhiteFideId "21501475"]
[BlackFideId "7604734"]
[EventDate "2017.12.26"]

1. d4 d5 2. Bf4 Bf5 3. e3 Nf6 4. Nd2 e6 5. c3 Bd6 6. Bxd6 Qxd6 7. f4 O-O 8. Ngf3
h6 9. Ne5 Ne4 10. Be2 f6 11. Nef3 Nd7 12. Nxe4 Bxe4 13. O-O c5 14. Bd3 Bxd3 15.
Qxd3 f5 16. Rac1 c4 17. Qd2 b5 18. b4 a5 19. a3 axb4 20. axb4 Nf6 21. Ra1 Ne4
22. Qc2 Qc6 23. Ne5 Qb7 24. Qb2 Rfb8 25. Rfc1 Kf8 26. Ng6+ Kf7 27. Ne5+ Ke7 28.
Kf1 Kd6 0-1

[Event "World Rapid 2017"]
[Site "Riyadh KSA"]
[Date "2017.12.26"]
[Round "3.66"]
[White "Al Habeeb, Emad"]
[Black "Al Mahmood, Salman"]
[Result "1-0"]
[WhiteElo "1933"]
[BlackElo "1593"]
[WhiteFideId "21500029"]
[BlackFideId "11201517"]
[EventDate "2017.12.26"]

1. d4 Nf6 2. c4 e6 3. Nc3 Bb4 4. Nf3 b6 5. Bg5 Bxc3+ 6. bxc3 Bb7 7. e3 O-O 8.
Be2 d6 9. O-O Nbd7 10. Qc2 Qc8 11. Nd2 c5 12. Bf4 e5 13. Bg3 Re8 14. d5 Nf8 15.
e4 Ng6 16. f4 Ng4 17. Qd3 exf4 18. Bxf4 N4e5 19. Qg3 Qd7 20. Be3 Ba6 21. h4 Nf8
22. Bh6 g6 23. Bg5 Qc7 24. Rf4 1-0

[Event "World Rapid 2017"]
[Site "Riyadh KSA"]
[Date "2017.12.26"]
[Round "3.67"]
[White "Al Saidi, Mohammed Khalfan"]
[Black "Al Omary, Ahmed"]
[Result "1-0"]
[WhiteElo "1468"]
[BlackElo "1875"]
[WhiteFideId "22001271"]
[BlackFideId "21500207"]
[EventDate "2017.12.26"]

1. d4 c5 2. d5 Nf6 3. c4 b5 4. cxb5 a6 5. bxa6 Bxa6 6. Nc3 g6 7. e4 Bxf1 8. Kxf1
d6 9. g3 Bg7 10. Kg2 O-O 11. Nf3 Nbd7 12. h3 Qb6 13. a4 Rfb8 14. Qc2 Nh5 15. g4
Nhf6 16. Nb5 Qd8 17. Bd2 Ne8 18. Bc3 f6 19. Qd3 Ne5 20. Nxe5 fxe5 21. a5 Qd7 22.
Na3 Nf6 23. f3 h6 24. Nc4 g5 25. Nb6 Qb7 26. Nxa8 Rxa8 27. a6 Qd7 28. Ra5 Nh7
29. Rha1 Nf8 30. a7 Ng6 31. Qb5 Qc8 32. Qc6 Qf8 33. Qxa8 Qxa8 34. Rb5 Kf7 35.
Rb8 Qxa7 36. Rxa7 Nh4+ 37. Kf2 Ng6 38. Bd2 Bf6 39. Raa8 Nf4 40. Bxf4 gxf4 41.
Rf8+ Kg6 42. Rg8+ Bg7 43. h4 Kf7 44. h5 Kf6 45. Rae8 Kf7 46. Ke2 Kf6 47. Rxg7
Kxg7 48. Rxe7+ Kf6 49. Re6+ Kg5 50. Kf2 c4 51. Rxd6 Kh4 52. Rg6 1-0

[Event "World Rapid 2017"]
[Site "Riyadh KSA"]
[Date "2017.12.26"]
[Round "4.1"]
[White "Salem, A.R. Saleh"]
[Black "Carlsen, Magnus"]
[Result "0-1"]
[WhiteTitle "GM"]
[BlackTitle "GM"]
[WhiteElo "2638"]
[BlackElo "2837"]
[WhiteFideId "9301348"]
[BlackFideId "1503014"]
[EventDate "2017.12.26"]

1. d4 Nf6 2. c4 e6 3. Nf3 d5 4. Nc3 Be7 5. Bg5 h6 6. Bh4 O-O 7. e3 b6 8. Bd3 Bb7
9. O-O Nbd7 10. Qe2 c5 11. Rfd1 cxd4 12. Nxd4 Nc5 13. Bxf6 Bxf6 14. cxd5 Bxd4
15. exd4 Nxd3 16. Qxd3 Bxd5 17. Re1 Rc8 18. Rad1 Rc7 19. Qg3 Rd7 20. h3 Qe7 21.
Rd2 Rfd8 22. Red1 Bc6 23. Qe3 Qf6 24. Kh2 Qf5 25. a3 Bd5 26. Rc1 Bc4 27. Ne4 Ba6
28. Rcd1 Bb7 29. Nc3 Qg6 30. Qg3 Qf6 31. Qe3 Bc6 32. Kg1 Qg6 33. f3 Bd5 34. Ne4
Rc8 35. Nc3 Qf6 36. Qe5 Qd8 37. Re1 Rc6 38. Qf4 Qc8 39. h4 Rc4 40. Red1 Qd8 41.
Rd3 a6 42. R1d2 b5 43. Nd1 Rc6 44. Ne3 Rcd6 45. Rd1 Bc4 46. Nxc4 bxc4 47. R3d2
Rd5 48. Qe4 e5 49. Rc1 Rxd4 50. Rxd4 exd4 51. Rxc4 d3 52. Rc1 Re7 53. Qb4 d2 54.
Rd1 Re2 55. Qc3 Qb6+ 56. Kh2 Qg6 57. Qc8+ Kh7 58. Qg4 Qc2 59. f4 Qe4 60. b4 f5
61. Qg3 Qc2 62. Qh3 Kh8 0-1

[Event "World Rapid 2017"]
[Site "Riyadh KSA"]
[Date "2017.12.26"]
[Round "4.2"]
[White "Svidler, Peter"]
[Black "Grischuk, Alexander"]
[Result "1/2-1/2"]
[WhiteTitle "GM"]
[BlackTitle "GM"]
[WhiteElo "2765"]
[BlackElo "2772"]
[WhiteFideId "4102142"]
[BlackFideId "4126025"]
[EventDate "2017.12.26"]

1. e4 e5 2. Nf3 Nc6 3. Bb5 Nf6 4. O-O Nxe4 5. Re1 Nd6 6. Nxe5 Be7 7. Bf1 Nxe5 8.
Rxe5 O-O 9. Nc3 Ne8 10. d4 Bf6 11. Re1 d5 12. Bd3 c6 13. Ne2 g6 14. c3 Ng7 15.
Ng3 Re8 16. Rxe8+ Qxe8 17. Bf4 1/2-1/2

[Event "World Rapid 2017"]
[Site "Riyadh KSA"]
[Date "2017.12.26"]
[Round "4.6"]
[White "Wang, Yue"]
[Black "Ni, Hua"]
[Result "1/2-1/2"]
[WhiteTitle "GM"]
[BlackTitle "GM"]
[WhiteElo "2690"]
[BlackElo "2671"]
[WhiteFideId "8601429"]
[BlackFideId "8601160"]
[EventDate "2017.12.26"]

1. d4 d5 2. c4 c6 3. cxd5 cxd5 4. Nc3 Nf6 5. Nf3 Nc6 6. Bf4 Bf5 7. e3 e6 8. Bd3
Bxd3 9. Qxd3 Bd6 10. Bxd6 Qxd6 11. O-O O-O 12. Rfc1 Rfc8 13. a3 Na5 1/2-1/2

[Event "World Rapid 2017"]
[Site "Riyadh KSA"]
[Date "2017.12.26"]
[Round "4.7"]
[White "Moiseenko, Alexander"]
[Black "McShane, Luke J"]
[Result "0-1"]
[WhiteTitle "GM"]
[BlackTitle "GM"]
[WhiteElo "2667"]
[BlackElo "2640"]
[WhiteFideId "14102560"]
[BlackFideId "404853"]
[EventDate "2017.12.26"]

1. d4 Nf6 2. c4 c5 3. d5 e5 4. Nc3 d6 5. e4 Be7 6. g3 Na6 7. Bg2 Nc7 8. Nge2 h5
9. h3 h4 10. g4 Nd7 11. Be3 a6 12. a4 b6 13. Qd2 Rb8 14. b3 b5 15. a5 g5 16. O-O
Nf8 17. b4 Ng6 18. bxc5 dxc5 19. Rfd1 Qd6 20. Bxg5 Bxg5 21. Qxg5 bxc4 22. Na4
Rb4 23. Nb6 Bd7 24. Rac1 Bb5 25. Nc3 O-O 26. Bf1 Na8 27. Na2 Nxb6 28. Nxb4 cxb4
29. axb6 c3 30. b7 Bxf1 31. Rxf1 Rb8 32. Qf5 Kg7 33. Qc8 Ne7 34. Qc4 Rxb7 35. f4
Ng6 36. fxe5 Nxe5 37. Qe2 Qc5+ 38. Kh1 b3 39. Qe1 c2 40. Qxh4 Qd6 41. g5 b2 42.
Rxc2 b1=Q 43. Rxb1 Rxb1+ 44. Kg2 Qb6 45. Rf2 Nd3 46. Rxf7+ Kxf7 47. Qh7+ Ke8 48.
Qg8+ Kd7 49. Qg7+ Kc8 50. Qc3+ Qc5 51. Qxd3 Qg1+ 52. Kf3 Rf1+ 0-1

[Event "World Rapid 2017"]
[Site "Riyadh KSA"]
[Date "2017.12.26"]
[Round "4.8"]
[White "Cheparinov, Ivan"]
[Black "Dreev, Aleksey"]
[Result "1-0"]
[WhiteTitle "GM"]
[BlackTitle "GM"]
[WhiteElo "2710"]
[BlackElo "2653"]
[WhiteFideId "2905540"]
[BlackFideId "4100107"]
[EventDate "2017.12.26"]

1. d4 d5 2. c4 c6 3. Nf3 Nf6 4. g3 dxc4 5. Bg2 g6 6. a4 Bg7 7. O-O Ne4 8. Qc2
Nd6 9. e4 Na6 10. Ne5 c5 11. dxc5 Nxc5 12. Nxc4 Be6 13. Nxd6+ exd6 14. Nc3 O-O
15. Ra3 Rc8 16. Bf4 Qb6 17. a5 Qc6 18. Rd1 Rfd8 19. Bg5 Rd7 20. Bf1 Na6 21. Qd2
Bc4 22. Bg2 Qc7 23. Bh3 Be6 24. Nd5 Bxd5 25. Qxd5 Nb4 26. Qb5 Nc6 27. Bxd7 Qxd7
28. Bf4 a6 29. Qa4 Qg4 30. f3 Qh5 31. Qc4 Qh3 32. Qf1 Qh5 33. Rd5 Be5 34. Bxe5
dxe5 35. Rc3 Rc7 36. Kg2 Qg5 37. Qc1 Qe7 38. Rcc5 Kg7 39. Rxe5 Qf6 40. Red5 Qe7
41. Qc3+ f6 42. b4 h5 43. h4 Rc8 44. Qd2 Rc7 45. Rd6 Qf7 46. Qd5 Qe7 47. f4 Qe8
48. e5 fxe5 49. fxe5 Rf7 50. e6 Rf5 51. Rd7+ Kg8 52. Qd6 1-0

[Event "World Rapid 2017"]
[Site "Riyadh KSA"]
[Date "2017.12.26"]
[Round "4.9"]
[White "Fressinet, Laurent"]
[Black "Safarli, Eltaj"]
[Result "1/2-1/2"]
[WhiteTitle "GM"]
[BlackTitle "GM"]
[WhiteElo "2662"]
[BlackElo "2639"]
[WhiteFideId "608742"]
[BlackFideId "13402129"]
[EventDate "2017.12.26"]

1. Nf3 c5 2. c4 Nc6 3. Nc3 g6 4. e3 Nf6 5. d4 cxd4 6. exd4 d5 7. cxd5 Nxd5 8.
Bc4 Nb6 9. Bb3 Bg7 10. O-O O-O 11. d5 Na5 12. h3 Re8 13. Re1 Bxc3 14. bxc3 Nxb3
15. axb3 Qxd5 16. Be3 Qxd1 17. Rexd1 Be6 18. c4 Nc8 19. Ng5 Nd6 20. Nxe6 fxe6
21. Bxa7 Kf7 22. Bc5 Rxa1 23. Rxa1 Rc8 24. Bd4 b5 25. cxb5 Nxb5 26. Be3 Rc3 27.
b4 Rc4 28. Bc5 Nc3 29. Ra7 Nd5 30. g3 h5 31. h4 e5 32. Kf1 1/2-1/2

[Event "World Rapid 2017"]
[Site "Riyadh KSA"]
[Date "2017.12.26"]
[Round "4.10"]
[White "Movsesian, Sergei"]
[Black "Kravtsiv, Martyn"]
[Result "1/2-1/2"]
[WhiteTitle "GM"]
[BlackTitle "GM"]
[WhiteElo "2647"]
[BlackElo "2672"]
[WhiteFideId "310204"]
[BlackFideId "14113147"]
[EventDate "2017.12.26"]

1. e4 e5 2. Nf3 Nc6 3. Bb5 a6 4. Ba4 Nf6 5. O-O Be7 6. d3 b5 7. Bb3 d6 8. a3 O-O
9. Nc3 Bg4 10. Be3 Nd4 11. Bxd4 exd4 12. Nd5 Nd7 13. h3 Bxf3 14. Qxf3 a5 15. c3
dxc3 16. bxc3 c6 17. Ne3 Bg5 18. Nf5 Qf6 19. Qg3 g6 20. f4 gxf5 21. e5 Qg7 22.
fxg5 Qxe5 23. Qxe5 Nxe5 24. d4 a4 25. Ba2 Nd7 26. Rxf5 d5 27. Raf1 Rae8 28. Bb1
Re3 29. R5f3 Rxf3 30. gxf3 Nb6 31. Bd3 Re8 32. Kf2 Kg7 33. h4 Nc8 34. Bf5 Nb6
35. Bd3 Nc8 36. Bf5 1/2-1/2

[Event "World Rapid 2017"]
[Site "Riyadh KSA"]
[Date "2017.12.26"]
[Round "4.11"]
[White "Ponkratov, Pavel"]
[Black "Pantsulaia, Levan"]
[Result "1-0"]
[WhiteTitle "GM"]
[BlackTitle "GM"]
[WhiteElo "2613"]
[BlackElo "2612"]
[WhiteFideId "4157800"]
[BlackFideId "13602071"]
[EventDate "2017.12.26"]

1. d4 Nf6 2. c4 c5 3. d5 e6 4. Nc3 exd5 5. cxd5 d6 6. Nf3 g6 7. Bf4 a6 8. Nd2
Nbd7 9. a4 Nh5 10. Be3 Bg7 11. g4 Nhf6 12. h3 h5 13. g5 Nh7 14. Nce4 O-O 15. Nc4
Nb6 16. Ncxd6 Bxb2 17. Rb1 Be5 18. a5 Bxd6 19. Nxd6 Qxd6 20. Rxb6 Qe5 21. Bg2
Nxg5 22. Bc1 Re8 23. Bb2 Qf4 24. Qd3 Ne4 25. O-O Bf5 26. Bc1 Qh4 27. Qb3 Ng5 28.
Qg3 Nxh3+ 29. Kh2 Qc4 30. Bxh3 Qxd5 31. Bg2 Qc4 32. e4 Bxe4 33. Re1 Bf5 34. Be3
Qc3 35. Rc1 Qxa5 36. Rxb7 Rac8 37. Bd5 Be6 38. Be4 Bg4 39. Qf4 Rf8 40. Bd5 Bf5
41. Rg1 Qd8 42. Qxf5 Qh4+ 43. Qh3 Qf6 44. Qg3 Kh7 45. Qg5 Qg7 46. Bc1 c4 47. Bf4
Rce8 48. Bxc4 Re4 49. Bd3 Rd4 50. Be5 1-0

[Event "World Rapid 2017"]
[Site "Riyadh KSA"]
[Date "2017.12.26"]
[Round "4.12"]
[White "Bosiocic, Marin"]
[Black "Sargissian, Gabriel"]
[Result "1/2-1/2"]
[WhiteTitle "GM"]
[BlackTitle "GM"]
[WhiteElo "2624"]
[BlackElo "2672"]
[WhiteFideId "14507927"]
[BlackFideId "13300881"]
[EventDate "2017.12.26"]

1. d4 Nf6 2. c4 e6 3. Nf3 b6 4. g3 Ba6 5. Qb3 Nc6 6. Nbd2 Na5 7. Qc3 c5 8. dxc5
bxc5 9. e4 Bb7 10. e5 Ne4 11. Nxe4 Bxe4 12. Bg2 Nc6 13. O-O Rb8 14. Re1 Bxf3 15.
Bxf3 Nd4 16. Bg2 Be7 17. Be3 Qc7 18. Rad1 O-O 19. b3 Rfd8 20. Bxd4 cxd4 21. Qxd4
d6 22. exd6 Bxd6 23. Qe4 Bb4 24. Rf1 Bc5 25. Qc2 g6 26. Bf3 Rxd1 27. Rxd1 Rd8
28. Rxd8+ Qxd8 29. Qc3 1/2-1/2

[Event "World Rapid 2017"]
[Site "Riyadh KSA"]
[Date "2017.12.26"]
[Round "4.14"]
[White "Ivanchuk, Vassily"]
[Black "Bocharov, Dmitry"]
[Result "1/2-1/2"]
[WhiteTitle "GM"]
[BlackTitle "GM"]
[WhiteElo "2726"]
[BlackElo "2583"]
[WhiteFideId "14100010"]
[BlackFideId "4138716"]
[EventDate "2017.12.26"]

1. e4 c5 2. Nf3 e6 3. d4 cxd4 4. Nxd4 Nc6 5. Nc3 Qc7 6. Be3 a6 7. Bd3 Nf6 8. O-O
Bd6 9. Nxc6 bxc6 10. f4 e5 11. Qe2 O-O 12. f5 Be7 13. Bc4 Bb7 14. Rad1 Rad8 15.
Na4 Qb8 16. Bb6 Rc8 17. Bc5 d6 18. Ba3 Rfe8 19. Bd3 a5 20. Kh1 Rcd8 21. c3 h6
22. Rfe1 Ba8 23. Qf2 d5 24. Bxe7 Rxe7 25. Nc5 Qb6 26. Re2 dxe4 27. Nxe4 Qxf2 28.
Nxf2 c5 29. Bc4 Rxd1+ 30. Nxd1 Rd7 31. Nf2 Kf8 32. Kg1 e4 33. g4 Bc6 34. h3 a4
35. Kf1 g5 36. fxg6 fxg6 37. Ke1 g5 38. Nd1 Nd5 39. Rxe4 Nf4 40. Re5 Ng2+ 41.
Ke2 Nf4+ 42. Ke1 Ng2+ 1/2-1/2

[Event "World Rapid 2017"]
[Site "Riyadh KSA"]
[Date "2017.12.26"]
[Round "4.17"]
[White "Yu, Yangyi"]
[Black "Volokitin, Andrei"]
[Result "1/2-1/2"]
[WhiteTitle "GM"]
[BlackTitle "GM"]
[WhiteElo "2751"]
[BlackElo "2628"]
[WhiteFideId "8603820"]
[BlackFideId "14107090"]
[EventDate "2017.12.26"]

1. Nf3 Nf6 2. c4 g6 3. Nc3 d5 4. cxd5 Nxd5 5. h4 Bg7 6. e4 Nxc3 7. dxc3 Qxd1+ 8.
Kxd1 Bg4 9. Kc2 Nd7 10. Nd4 a6 11. Be3 e5 12. Nb3 Be6 13. Na5 O-O-O 14. Bc4 Bxc4
15. Nxc4 h5 16. Rhd1 f5 17. Bg5 Rdf8 18. exf5 Rxf5 19. f3 Nc5 20. Rd5 Ne6 21.
Ne3 Rf7 22. Rh1 Re8 23. Rf1 Nxg5 24. hxg5 Rf4 25. g3 Rf7 26. Kd3 Rxf3 27. Rxf3
e4+ 28. Ke2 exf3+ 29. Kxf3 Rf8+ 30. Ke2 Re8 31. Kf3 Rf8+ 32. Kg2 Re8 33. Rd3 Re5
34. Nd5 Rxg5 35. Ne7+ Kb8 36. Rd8+ Ka7 37. Rg8 Bf6 38. Nc8+ Kb8 39. Nd6+ Ka7 40.
Ne4 Rf5 41. Rxg6 Be7 42. Re6 Bg5 43. a4 a5 44. b3 b6 45. Kh3 Kb7 46. c4 Kc8 47.
g4 Rf3+ 48. Kg2 hxg4 49. Nxg5 Rxb3 50. Re7 Rb4 51. c5 Rc4 52. Ne6 bxc5 53. Rxc7+
Kb8 54. Rxc5 Rxa4 55. Rb5+ Ka7 56. Kg3 Ka6 57. Nc7+ Ka7 58. Nd5 Ka6 59. Rb1 Rc4
60. Ne3 Rc3 61. Kf4 a4 62. Nxg4 Rb3 63. Ra1 Kb5 64. Ne3 a3 65. Ke4 Kb4 66. Nc2+
Kc3 67. Nd4 Kb2 68. Rh1 a2 69. Rh2+ Ka3 70. Nc2+ Kb2 71. Nb4+ Ka3 72. Nc2+ Kb2
73. Nd4+ Ka3 74. Nxb3 Kxb3 75. Rxa2 Kxa2 1/2-1/2

[Event "World Rapid 2017"]
[Site "Riyadh KSA"]
[Date "2017.12.26"]
[Round "4.18"]
[White "Rapport, Richard"]
[Black "Salgado Lopez, Ivan"]
[Result "1-0"]
[WhiteTitle "GM"]
[BlackTitle "GM"]
[WhiteElo "2707"]
[BlackElo "2644"]
[WhiteFideId "738590"]
[BlackFideId "2257327"]
[EventDate "2017.12.26"]

1. e4 c6 2. d4 d5 3. exd5 cxd5 4. Nf3 Nf6 5. Ne5 Nc6 6. Bb5 Bd7 7. Nxd7 Qxd7 8.
c3 e6 9. Nd2 Bd6 10. Nf3 O-O 11. O-O Qc7 12. Re1 a6 13. Bd3 Bf4 14. Bxf4 Qxf4
15. a4 g6 16. g3 Qc7 17. Kg2 Kg7 18. Qe2 Rfe8 19. h4 h5 20. b4 Ne7 21. Rac1 Rac8
22. Ne5 a5 23. Bb5 Rf8 24. Qb2 b6 25. Ba6 Ra8 26. Bd3 Qd6 27. b5 Rfd8 28. Re3
Rac8 29. Rf3 Rc7 30. Rc2 Nf5 31. Bxf5 exf5 32. Nc6 Re8 33. Re2 Rcc8 34. Rfe3 Re4
35. Qc1 Ng4 36. Rxe4 fxe4 37. c4 dxc4 38. Rxe4 Nf6 39. Re5 Ng4 40. Re2 Qd5+ 41.
f3 Rc7 42. Qf4 Rd7 43. Ne7 Qb7 44. Nc6 Nf6 45. Qc1 Rd5 46. Re7 Rd7 47. Re5 Rd5
48. Re7 Rd7 49. Re5 Rd5 50. Qxc4 Qd7 51. Re7 Qf5 52. Ne5 1-0

[Event "World Rapid 2017"]
[Site "Riyadh KSA"]
[Date "2017.12.26"]
[Round "4.20"]
[White "Ponomariov, Ruslan"]
[Black "Rakhmanov, Aleksandr"]
[Result "1/2-1/2"]
[WhiteTitle "GM"]
[BlackTitle "GM"]
[WhiteElo "2694"]
[BlackElo "2653"]
[WhiteFideId "14103320"]
[BlackFideId "4173708"]
[EventDate "2017.12.26"]

1. e4 c5 2. Nf3 Nf6 3. Nc3 d5 4. exd5 Nxd5 5. Bb5+ Bd7 6. Bc4 Nb6 7. Be2 Nc6 8.
d4 cxd4 9. Nxd4 e5 10. Ndb5 a6 11. Nd6+ Bxd6 12. Qxd6 Bf5 13. Qxd8+ Rxd8 14. Be3
Nd4 15. O-O-O Nxe2+ 16. Nxe2 Rc8 17. Nc3 Na4 18. Rd5 Nxc3 19. Rxe5+ Be6 20. bxc3
Rxc3 21. Kb2 Rc4 22. Rc5 Rxc5 23. Bxc5 h5 24. h4 Rh6 25. Re1 Kd7 26. g3 Rh8 27.
a3 Rc8 28. Bb4 b6 29. Re5 g6 30. Re3 a5 31. Rd3+ Ke8 32. Bc3 Rd8 1/2-1/2